2025 Green Bay Packers Roster - Statistics

General Stats
  • This quiz has been taken 744 times
    717 since last reset
  • The average score is 36 of 60
Answer Stats
Position Players % Correct
QB Jordan Love
99%
RB Josh Jacobs
98%
TE Tucker Kraft
96%
QB Malik Willis
94%
WR Romeo Doubs
94%
DE Micah Parsons
93%
WR Jayden Reed
92%
WR Christian Watson
91%
WR Matthew Golden
90%
TE Luke Musgrave
89%
K Brandon McManus
84%
WR Dontayvion Wicks
84%
RB Emanuel Wilson
84%
DE Rashan Gary
81%
S Xavier Mckinney
81%
WR Savion Williams
79%
S Evan Williams
78%
HC Matt Lafleur
76%
LB Quay Walker
76%
OL Rasheed Walker
76%
CB Keisean Nixon
75%
OL Zach Tom
73%
CB Carrington Valentine
71%
LB Edgerrin Cooper
70%
WR Malik Heath
70%
DE Lukas Van Ness
69%
OL Elgton Jenkins
68%
CB Bo Melton
66%
RB Chris Brooks
66%
OL Jordan Morgan
64%
P Daniel Whelan
63%
DT Karl Brooks
63%
DT Devonte Wyatt
60%
CB Nate Hobbs
60%
LB Isaiah McDuffie
58%
TE John FitzPatrick
57%
OL Sean Rhyan
57%
IR/RB MarShawn Lloyd
54%
CB Javon Bullard
53%
OL Aaron Banks
52%
TE Ben Sims
52%
DE Kingsley Enagbare
45%
DT Colby Wooden
44%
S Zayne Anderson
41%
OL Anthony Belton
38%
LS Matt Orzech
36%
LB Ty'Ron Hopper
33%
DT Nazir Stackhouse
31%
OL Darian Kinnard
28%
IR/OL Jacob Monk
27%
DT Warren Brinson
25%
DE Brenton Cox Jr.
24%
S Kitan Oladapo
24%
DE Barryn Sorell
22%
DE Collin Oliver
19%
CB Kamal Hadden
19%
OL Donovan Jennings
17%
LB Nick Niemann
15%
IR/OL Travis Glover
15%
IR/S Omar Brown
10%
No matching quizzes found
Score Distribution
Percent of People with Each Score
Percentile by Number Answered
Your Score History
You have not taken this quiz since the last reset